Ładuje się......

Modern Fourier analysis/

Opis bibliograficzny
1. autor: Grafakos, Loukas
Format: Printed Book
Wydane: New York: Springer, 2014.
Wydanie:3rd ed.
Seria:Graduate texts in mathematics ;
Hasła przedmiotowe:
Dostęp online:https://www.amazon.com/Modern-Fourier-Analysis-Graduate-Mathematics/dp/0387094334
LEADER 01418cam a2200229 i 4500
020 |a 9781493912292  
082 0 0 |a 515.243 3  |b Q4 
100 1 |a Grafakos, Loukas.  |9 34165 
245 1 0 |a Modern Fourier analysis/  |c Loukas Grafakos. 
246 3 0 |a Fourier analysis 
250 |a 3rd ed. 
260 |a New York:  |b Springer,  |c 2014. 
300 |a xvi, 624p.  |b illustrations ; 
490 0 |a Graduate texts in mathematics ; 
500 |a Second volume of the third edition of the author's Classical and modern Fourier analysis (2004). First volume of third edition issued with title: Classical Fourier analysis. 
504 |a Includes bibliographical references (pages 605-619) and index. 
505 0 |a Smoothness and function spaces -- Hardy spaces, Besov spaces and Triegel-Lizorkin spaces -- BMO and Carleson measures -- Singular integrals of nonconvolution type -- Boundedness and convergence of Fourier integrals -- Time-frequency analysis and the Carleson-Hunt theorem -- Multilinear harmonic analysis -- The Schur lemma -- Smoothness and vanishing moments. 
650 0 |a Fourier analysis.  |9 29668 
856 |u https://www.amazon.com/Modern-Fourier-Analysis-Graduate-Mathematics/dp/0387094334 
942 |c BK 
999 |c 75438  |d 75438 
952 |0 0  |1 0  |4 0  |6 515_243000000000000_3_Q4  |7 0  |9 67422  |a MGUL  |b MGUL  |c GEN  |d 2015-04-06  |e Current Books Kottayam Bll No 001283 dated 13.03.2015  |g 5459.25  |l 1  |o 515.243 3 Q4  |p 53316  |r 2020-02-28  |s 2020-02-07  |y BK